| 000 | 00659nam a22001937a 4500 | ||
|---|---|---|---|
| 999 |
_c14833 _d14833 |
||
| 003 | OSt | ||
| 005 | 20200110111440.0 | ||
| 008 | 200110b ||||| |||| 00| 0 eng d | ||
| 040 | _cUMDC | ||
| 082 |
_22019 _aUT 1408 _bT25 |
||
| 100 |
_aJacquelyne B. Tenebro _941182 |
||
| 245 |
_aTracer study of senior high school graduates of UMDC (2018-2019) _cJacquelyne B. Tenebro and Ruffa Mae C. Talingting |
||
| 260 |
_aDigos City: _bUMDC _cDecember 2019 |
||
| 300 |
_a41 pages; _c30 cm. |
||
| 650 |
_aEducation _vMathematics _xUndergraduate thesis: _941183 |
||
| 700 |
_aTenebro, Jacquelyne B. _941184 |
||
| 700 |
_aTalingting, Ruffa Mae C. _941185 |
||
| 942 |
_2ddc _cUT |
||